000 00346nam a22001457a 4500
003 OSt
020 _aNA
040 _c0
_d0
082 _222
_a0
100 _aPunmia B.C.
245 _aStrength of materials and mechanics of structure,
260 _aNew Delhi,
_bStandard Publishers,
_cc1978.
300 _a879 p. ;
_bill. ;
942 _2ddc
_cCIVIL
_01
999 _c5202
_d5202